00936cam a2200301 i 45000010008000000030004000080050017000120080041000290100017000700200015000870200022001020400018001240430021001420820016001632450102001792600032002813000035003135000020003485040030003686500030003986500033004286510036004616510045004976510026005426510029005687000020005977000017006173682831OSt20230620120638.0781019s1979 nyua b 001 0 eng  a 78019470  a0030232066 a0030523362 (pbk.) aDLCcDLCdDLC af-ke---af-tz---00a320.96bBAR00aPolitics and public policy in Kenya and Tanzania /cedited by Joel D. Barkan, with John J. Okumu. aNew York :bPraeger,c1979. axiii, 297 p. :bill. ;c24 cm. aIncludes index. aBibliography: p. 267-289. 0aRural developmentzKenya. 0aRural developmentzTanzania. 0aKenyaxPolitics and government. 0aTanzaniaxPolitics and governmenty1964- 0aKenyaxSocial policy. 0aTanzaniaxSocial policy.1 aBarkan, Joel D.1 aOkumu, John.